000 00502cam a2200169 4500500
005 20260405003752.0
041 _afre
042 _adc
100 1 0 _aLegros, Martin
_eauthor
245 0 0 _aLes Heures heureuses
260 _c2023.
500 _a17
690 _aPascal Quignard
690 _aTemps
786 0 _nPhilosophie magazine | 172 | 9 | 2023-09-01 | p. 52-52 | 1951-1787
856 4 1 _uhttps://shs.cairn.info/magazine-philosophie-magazine-2023-9-page-52?lang=fr&redirect-ssocas=7080
999 _c2070661
_d2070661